000 00244nam a2200097 a 4500
005 20200930030949.0
008 110401s1987 000 spa d
245 0 _aCorrupticidas sebiƩn y otras divagaciones.
260 _c1987.
999 _c27106
_d27106
040 _aDO-SdBNP